000
00198nam a2200073Ia 4500
008
170524s9999 xx 000 0 und d
100
_a
ACZEL- AMIR D.
245
0
_a
Complete Business Statistics
260
_b
TATA MCGRAW HILL NEW DELHI
999
_c
8479
_d
8479